000 00858nab a2200253 u 4500
001 11491
003 HDC
007 cr bn ---aaaaa
008 210207c mydr|nes 0 a eng d
040 _aHDC
100 _aCooper, Hayden,
_eauthor
_911808
245 0 _aThis is the man with the balance of power in NSW - Fred Nile /
_cby Hayden Cooper
260 _a[no place] :
_b[publisher not identified],
_c[no year]
336 _atext
_2rdacontent
337 _acomputer
_2rdamedia
338 _aonline resource
_2rdacarrier
650 _aLiberal government
_911810
650 _aPolitician
_911809
710 _aABC
856 _zRequest full-text at [email protected]
942 _2lcc
942 _cNEWS
942 _kNWSO 000368
999 _c8814
_d8814